00313nam a2200121Ia 4500008004100000041000800041082001400049100002400063245004300087260002400130300002900154365000800183240624s9999 xx 000 0 und d aeng a004.6 MIC aMICHELI GIOVANNI DE aNETWORKS ON CHIPS TECHNOLOGY AND TOOLS c2006aKaufmann,2006 ax, : 395 : p. : cm. ; 24 cBPS